Diagnostic pathology gynecological/ (Record no. 122144)

MARC details
000 -LEADER
fixed length control field 01775nam a2200445 a 4500
008 - FIXED-LENGTH DATA ELEMENTS--GENERAL INFORMATION
fixed length control field
020 ## - INTERNATIONAL STANDARD BOOK NUMBER
International Standard Book Number 9781931884600 (hardback)
040 ## - CATALOGING SOURCE
Original cataloging agency NUST
Transcribing agency NUST
049 ## - LOCAL HOLDINGS (OCLC)
Holding library MAIN
090 ## - LOCALLY ASSIGNED LC-TYPE CALL NUMBER (OCLC); LOCAL CALL NUMBER (RLIN)
Classification number (OCLC) (R) ; Classification number, CALL (RLIN) (NR) RG77
Local cutter number (OCLC) ; Book number/undivided call number, CALL (RLIN) DIA
003 - CONTROL NUMBER IDENTIFIER
control field
005 - DATE AND TIME OF LATEST TRANSACTION
control field 20230120204357.0
245 10 - TITLE STATEMENT
Title Diagnostic pathology gynecological/
Statement of responsibility, etc. edited by Marisa R Nucci ; Esther Oliva ; C. Blake Gilks ; Russell Ball ; Emily E. K Meserve ; Maria Angelica Selim ; Brooke E Howitt ; Koen K van de Vijver ; Jason C Reutter ; Timothy R Quinn ; Martin Kobel & Blaise Clarke.
260 ## - PUBLICATION, DISTRIBUTION, ETC.
Place of publication, distribution, etc. Philadelphia, PA :
Name of publisher, distributor, etc. Elsevier,
Date of publication, distribution, etc. 2014.
300 ## - PHYSICAL DESCRIPTION
Extent xviii, 827 pages :
Other physical details colour illustrations ;
Dimensions 29 cm.
336 ## - CONTENT TYPE
Content type term text
Content type code txt
Source rdacontent
337 ## - MEDIA TYPE
Media type term unmediated
Media type code n
Source rdamedia
338 ## - CARRIER TYPE
Carrier type term volume
Carrier type code nc
Source rdacarrier
500 ## - GENERAL NOTE
General note Includes index.
504 ## - BIBLIOGRAPHY, ETC. NOTE
Bibliography, etc. note Includes bibliographical references.
650 #1 - SUBJECT ADDED ENTRY--TOPICAL TERM
Topical term or geographic name entry element Gynecologic pathology.
650 ## - SUBJECT ADDED ENTRY--TOPICAL TERM
Topical term or geographic name entry element Generative organs, Female
General subdivision Diseases
Form subdivision Diagnosis.
650 ## - SUBJECT ADDED ENTRY--TOPICAL TERM
Topical term or geographic name entry element Generative organs, Female
General subdivision Diseases
Form subdivision Pathophysiology.
650 ## - SUBJECT ADDED ENTRY--TOPICAL TERM
Topical term or geographic name entry element Genital diseases, Female
General subdivision pathology
Form subdivision Atlases.
650 ## - SUBJECT ADDED ENTRY--TOPICAL TERM
Topical term or geographic name entry element Genital Neoplasms, Female
General subdivision pathology
Form subdivision Atlases.
700 ## - ADDED ENTRY--PERSONAL NAME
Personal name Nucci, Marisa R.,
-- editor.
700 ## - ADDED ENTRY--PERSONAL NAME
Personal name Oliva, Esther.,
-- editor.
700 ## - ADDED ENTRY--PERSONAL NAME
Personal name Gilks, C Blake.,
-- editor.
700 ## - ADDED ENTRY--PERSONAL NAME
Personal name Ball, Russell.,
-- editor.
700 ## - ADDED ENTRY--PERSONAL NAME
Personal name Meserve, Emily E K.,
-- editor.
700 ## - ADDED ENTRY--PERSONAL NAME
Personal name Selim, Maria Angelica.,
-- editor.
700 ## - ADDED ENTRY--PERSONAL NAME
Personal name Howitt, Brooke E.,
-- editor.
700 ## - ADDED ENTRY--PERSONAL NAME
Personal name Vijver, Koen K van de.,
-- editor.
700 ## - ADDED ENTRY--PERSONAL NAME
Personal name Ruetter, Jason C.,
-- editor.
700 ## - ADDED ENTRY--PERSONAL NAME
Personal name Quinn, Timothy R.,
-- editor.
700 ## - ADDED ENTRY--PERSONAL NAME
Personal name Kobel, Martin.,
-- editor.
700 ## - ADDED ENTRY--PERSONAL NAME
Personal name Clarke, Blaise.,
-- editor.
907 ## - LOCAL DATA ELEMENT G, LDG (RLIN)
a .b10417345
b 16-01-23
c 14-04-22
942 ## - ADDED ENTRY ELEMENTS (KOHA)
Koha item type Ordinary Loan Books
Call number prefix RG77
Call number suffix DIA
Holdings
Date last seen Total Checkouts Full call number Barcode Cost, replacement price Price effective from Koha item type Lost status Source of classification or shelving scheme Damaged status Not for loan Collection Withdrawn status Home library Current library Shelving location Date acquired Cost, normal purchase price
01/20/2023   RG77 DIA 92004052453 80.00 01/20/2023 BOOKS   LCC     NFIC   Medical Medical GEN 01/20/2023 80.00